000 00966nam a2200229 i 4500
001 45526
003 ES-MaACL
005 20230906161230.0
007 t|
008 030326s1846 sp ||||1| spa d
080 _a347.9(460.28)
100 1 _aCollado, Mariano Antonio.
_939657
245 1 0 _aDiscurso pronunciado en la solemne apertura de la Audiencia Territorial de Albacete el día 2 de enero de 1846 /
_cpor su regente el Sr. Mariano Antonio Collado.
260 _aAlbacete :
_b[s.n.,
_c1846] (
_fImp. de Herrero-Pedrón, Soler y Compañía)
300 _a19 p., 3 h. pleg. ;
_c20 cm.
530 _aDisponible en formato digital.
594 _aTema del discurso: Administración de justicia
650 4 _aAdministración de justicia-
_zCastilla-La Mancha.
_9175615
852 4 _aES-MaACL
_jT-6-F-10
852 4 _aES-MaACL
_jG-1608(2)
_z- Enc. con otra obra
856 4 _uhttp://bdh-rd.bne.es/viewer.vm?id=0000118269&page=1
_zBiblioteca Digital Hispánica
999 _c45526
_d45526